header

Women of color and the reproductive rights movement (Record no. 54535)

MARC details
000 -LEADER
fixed length control field 01585nam a2200373Ia 4500
082 04 - DEWEY DECIMAL CLASSIFICATION NUMBER
Classification number 363.46
100 1# - MAIN ENTRY--AUTHOR NAME
Personal name Nelson, Jennifer,
245 10 - TITLE STATEMENT
Title Women of color and the reproductive rights movement
260 ## - PUBLICATION, DISTRIBUTION, ETC. (IMPRINT)
Place of publication New York :
Name of publisher New York University Press,
Year of publication 2003.
300 ## - PHYSICAL DESCRIPTION
Number of Pages x, 224 p.
650 #0 - SUBJECT ADDED ENTRY--TOPICAL TERM
Topical Term Birth control
Topical Term Abortion
Topical Term Minority women
Topical Term Sterilization (Birth control)
Topical Term Women's rights
Topical Term Feminism
856 40 - ELECTRONIC LOCATION AND ACCESS
Uniform Resource Identifier http://site.ebrary.com/lib/rucke/Doc?id=10078491

No items available.

© 2026 Rongo University
Contact us: librarian | system librarian | Rongo university